| 000 | 00761nam a2200229 a 4500 | ||
|---|---|---|---|
| 001 | 54658 | ||
| 003 | BD-RjUL | ||
| 005 | 20211209080142.0 | ||
| 008 | 161108s1949 ii ||||| |||| 00| 0 ben d | ||
| 035 | _a(BD-RjUL)54780 | ||
| 040 |
_aBD-RjUL _bben _cBD-RjUL _dBD-RjUL |
||
| 041 | _aben | ||
| 082 |
_223 _a891.441 _bUDR 1949 |
||
| 100 | 1 |
_aউদ্দীন, জসীম _9144026 |
|
| 245 | 1 | 0 |
_aরাখালী / _cজসীম উদ্দীন |
| 250 | _a৪র্থ সং. | ||
| 260 |
_aকলিকাতা : _bইতিকথা বুক ডিপো, _c১৯৪৯. |
||
| 300 |
_a[৬], ৬৬ পৃ ; _c২১ সেমি. |
||
| 650 |
_aবাংলা কবিতা _9144027 |
||
| 650 |
_aBengali poetry _9144028 |
||
| 942 |
_2ddc _cBK |
||
| 999 |
_c54658 _d54658 |
||